Curso de filosofía elemental (Registro nro. 36176)
[ vista simple ]
| 000 -ENCABEZADO | |
|---|---|
| Número de control [NR] | 01619nam a2200301Ia 4500 |
| 008 - DE LONGITUD FIJA DE DATOS DE ELEMENTOS - INFORMACIÓN GENERAL | |
| Elementos de longitud fija [NR] | 130821s1884 fr gr spa |
| 040 ## - FUENTE DE CATALOGACION [NR] | |
| Agencia de catalogación original [NR] | Co-BoUCM |
| Idioma de catalogación [NR] | spa |
| 041 0# - CODIGO DE IDIOMA [R] | |
| Código de idioma para texto/pista de sonido o título separado [R] | Español |
| 092 ## - SIGNATURA TOPOGRAFICA LOCAL | |
| Número de clasificación local | E18N020 |
| 100 1# - ASIENTO PRINCIPAL--NOMBRE PERSONAL [NR] | |
| Nombre personal [NR] | Balmes, Jaime |
| Fechas asociadas con el nombre [NR] | 1810-1848 |
| 245 10 - MENCION DE TITULO [NR] | |
| Título [NR] | Curso de filosofía elemental |
| Mención de responsabilidad, etc. [NR] | por D. Jaime BAlmes |
| 250 ## - MENCION DE EDICION [NR] | |
| Mención de edición [NR] | Nueva edición |
| Resto de la mención de edición [NR] | corregida con esmero. |
| 260 ## - PUBLICACION, DISTRIBUCION, ETC. (PIE DE IMPRENTA) [R] | |
| Lugar de publicación, distribución, etc. [R] | París (Francia) |
| Nombre del editor, distribuidor, etc. [R] | Librería de Garnier Hermanos |
| Fecha de publicación, distribución, etc. [R] | 1884 |
| 300 ## - DESCRIPCION FISICA [R] | |
| Extensión [R] | 617 páginas |
| 500 ## - NOTA GENERAL [R] | |
| Nota general [NR] | Detalles físicos: Encuadernación rígida en cartón forrada en cuero con adornos repujados sobra las tapas y lomo, letras en dorado sobre el lomo. Conserva parte de las guardas, portada impresa a una sola tinta. Texto impreso en una columna sobre papel de buena calidad, con algunos adornos y encabezamientos sencillos. Tapas y varias páginas sueltas al inicio y final de la obra, empieza a desencuadernarse. Papel con manchas de humedad. |
| 500 ## - NOTA GENERAL [R] | |
| Nota general [NR] | Incluye índices. |
| 505 ## - NOTA DE CONTENIDO CON FORMATO PREESTABLECIDO [R] | |
| Nota de contenido con formato preestablecido [NR] | Lógica: Facultades auxiliares. ; Facultad principal el entendimiento. ; El método. -- Metafísica: Estética. ; Ideología pura. ; Gramática general o filosofía del lenguaje. ; Psicología. ; Teodicea. -- Ética. -- Historia de la filosofía. |
| 506 ## - NOTA DE RESTRICCIONES DE ACCESO [R] | |
| Condiciones de acceso [NR] | Consulta en sala. |
| 650 04 - ASIENTO SECUNDARIO DE MATERIA - TERMINO TEMATICO [R] | |
| Término temático o nombre geográfico como elemento de entrada [NR] | Filosofía |
| 9 (RLIN) | 75 |
| 650 04 - ASIENTO SECUNDARIO DE MATERIA - TERMINO TEMATICO [R] | |
| Término temático o nombre geográfico como elemento de entrada [NR] | Filosofía |
| Subdivisión general [R] | Enseñanza |
| -- | Obras anteriores a 1900 |
| 9 (RLIN) | 75 |
| 650 04 - ASIENTO SECUNDARIO DE MATERIA - TERMINO TEMATICO [R] | |
| Término temático o nombre geográfico como elemento de entrada [NR] | Filosofía |
| Subdivisión general [R] | Ética |
| 9 (RLIN) | 75 |
| 650 04 - ASIENTO SECUNDARIO DE MATERIA - TERMINO TEMATICO [R] | |
| Término temático o nombre geográfico como elemento de entrada [NR] | Filosofía |
| Subdivisión general [R] | Historia |
| 9 (RLIN) | 75 |
| 650 04 - ASIENTO SECUNDARIO DE MATERIA - TERMINO TEMATICO [R] | |
| Término temático o nombre geográfico como elemento de entrada [NR] | Filosofía |
| Subdivisión general [R] | Lógica |
| 9 (RLIN) | 75 |
| 650 04 - ASIENTO SECUNDARIO DE MATERIA - TERMINO TEMATICO [R] | |
| Término temático o nombre geográfico como elemento de entrada [NR] | Filosofía |
| Subdivisión general [R] | Metafísica |
| 9 (RLIN) | 75 |
| 700 1# - ASIENTO SECUNDARIO - NOMBRE PERSONAL [R] | |
| Nombre personal [NR] | Garnier |
| Títulos u otras palabras asociadas con el nombre [R] | hermanos |
| Término de relación [R] | |
| 942 ## - ELEMENTOS DE ENTRADA AGREGADOS (KOHA) | |
| Tipo de ítem principal el descrito en 300a | Libro |
| Tema principal | Filosofía |
| Edición | 1 |
| Sistema de clasificación | DEWEY |
| Clasificación | 100 |
| Total préstamos | Código de barras | Última vez visto | Volúmen / Fascículo | Ejemplar | Price effective from | Tipo de ítem | Perdido | Sistema de clasificación | Dañado | No prestable | Tipo de ítem específico | Suprimido | Ubicación habitual | Ubicación actual | Localización | Fecha de creación | Forma de adquisición | Costo |
|---|---|---|---|---|---|---|---|---|---|---|---|---|---|---|---|---|---|---|
| L002679 | 15/12/2012 | E18N020 | Ej.1 | 03/02/2013 | Libro | DEWEY | Libro archivo | Archivo Histórico | Archivo histórico | 28/02/2013 | Donación | 0.00 |